|
|
|
|
| LEADER |
00000cas a2200000 c 4500 |
| 001 |
130113956 |
| 003 |
DE-627 |
| 005 |
20250708221432.0 |
| 007 |
tu |
| 008 |
931116d19141957sz z| m| 0 |0ger c |
| 016 |
7 |
|
|a 012640638
|2 DE-101
|
| 016 |
7 |
|
|a 504202-1
|2 DE-600
|
| 035 |
|
|
|a (DE-627)130113956
|
| 035 |
|
|
|a (DE-603)047685492
|
| 035 |
|
|
|a (DE-576)009924574
|
| 035 |
|
|
|a (DE-599)ZDB504202-1
|
| 035 |
|
|
|a (OCoLC)1367732207
|
| 040 |
|
|
|a DE-627
|b ger
|c DE-627
|e rakwb
|
| 041 |
|
|
|a ger
|
| 044 |
|
|
|c XA-CH
|
| 082 |
0 |
4 |
|a 150
|q DE-600
|
| 084 |
|
|
|a 1
|2 ssgn
|
| 084 |
|
|
|a CU 2581
|2 rvk
|0 (DE-625)rvk/19089:11818
|
| 084 |
|
|
|a 77.70
|2 bkl
|
| 245 |
0 |
0 |
|a Psychologische Abhandlungen
|
| 264 |
3 |
1 |
|a Zürich [u.a.]
|b Rascher
|c 1914-1957
|
| 264 |
2 |
1 |
|a Leipzig [u.a.]
|b Deuticke
|c 1914
|
| 336 |
|
|
|a Text
|b txt
|2 rdacontent
|
| 337 |
|
|
|a ohne Hilfsmittel zu benutzen
|b n
|2 rdamedia
|
| 338 |
|
|
|a Band
|b nc
|2 rdacarrier
|
| 362 |
0 |
|
|a 1.1914 - 12.1957
|
| 363 |
0 |
0 |
|a 1
|i 1914
|
| 363 |
1 |
0 |
|a 12
|i 1957
|
| 655 |
|
7 |
|a Monografische Reihe
|0 (DE-588)4179998-7
|0 (DE-627)104628669
|0 (DE-576)209995106
|2 gnd-content
|
| 655 |
|
7 |
|a Zeitschrift
|0 (DE-588)4067488-5
|0 (DE-627)10454466X
|0 (DE-576)20917000X
|2 gnd-content
|
| 689 |
0 |
0 |
|d s
|0 (DE-588)4047734-4
|0 (DE-627)106193732
|0 (DE-576)20907454X
|a Psychose
|2 gnd
|
| 689 |
0 |
1 |
|d s
|0 (DE-588)4041643-4
|0 (DE-627)104791489
|0 (DE-576)20904599X
|a Nervensystem
|2 gnd
|
| 689 |
0 |
2 |
|d s
|0 (DE-588)4032844-2
|0 (DE-627)104493895
|0 (DE-576)208998896
|a Krankheit
|2 gnd
|
| 689 |
0 |
3 |
|d s
|0 (DE-588)4038243-6
|0 (DE-627)104584963
|0 (DE-576)209029218
|a Medizin
|2 gnd
|
| 689 |
0 |
|
|5 (DE-627)
|
| 889 |
|
|
|w (DE-603)029311969
|
| 889 |
|
|
|w (DE-576)075285916
|
| 935 |
|
|
|a mteo
|a RFBW
|
| 935 |
|
|
|i sdedup20220823
|
| 936 |
r |
v |
|a CU 2581
|b Auszüge; Teilausgaben
|k Psychologie
|k Klinische Psychologie
|k Tiefenpsychologie und Psychoanalyse
|k Jung, Carl Gustav
|k Auszüge; Teilausgaben
|0 (DE-627)1271803275
|0 (DE-625)rvk/19089:11818
|0 (DE-576)201803275
|
| 936 |
b |
k |
|a 77.70
|j Klinische Psychologie
|q ARK
|0 (DE-627)106413139
|
| 951 |
|
|
|a ST
|
| ELC |
|
|
|b 1
|
| LOK |
|
|
|0 000 xxxxxcx a22 zn 4500
|
| LOK |
|
|
|0 001 2466959771
|
| LOK |
|
|
|0 003 DE-627
|
| LOK |
|
|
|0 004 130113956
|
| LOK |
|
|
|0 005 20010516000000
|
| LOK |
|
|
|0 008 000510||||||||||||||||ger|||||||
|
| LOK |
|
|
|0 040
|a DE-21
|c DE-627
|d DE-21
|
| LOK |
|
|
|0 852
|a DE-21
|
| LOK |
|
|
|0 852 1
|9 00
|
| LOK |
|
|
|0 935
|a dika
|
| LOK |
|
|
|0 939
|a 10-05-00
|b l01
|
| LOK |
|
|
|0 000 xxxxxcx a22 zn 4500
|
| LOK |
|
|
|0 001 2466959798
|
| LOK |
|
|
|0 003 DE-627
|
| LOK |
|
|
|0 004 130113956
|
| LOK |
|
|
|0 005 20251209071257
|
| LOK |
|
|
|0 008 251209||||||||||||||||ger|||||||
|
| LOK |
|
|
|0 040
|a DE-21-35
|c DE-627
|d DE-21-35
|
| LOK |
|
|
|0 852
|a DE-21-35
|
| LOK |
|
|
|0 852 1
|c Es 7.64
|m p
|9 00
|
| LOK |
|
|
|0 938
|k p
|
| LOK |
|
|
|0 939
|a 20-04-94
|b l01
|
| LOK |
|
|
|0 000 xxxxxcx a22 zn 4500
|
| LOK |
|
|
|0 001 2466959801
|
| LOK |
|
|
|0 003 DE-627
|
| LOK |
|
|
|0 004 130113956
|
| LOK |
|
|
|0 005 20010517000000
|
| LOK |
|
|
|0 008 980902||||||||||||||||ger|||||||
|
| LOK |
|
|
|0 040
|a DE-21-108
|c DE-627
|d DE-21-108
|
| LOK |
|
|
|0 092
|o l
|
| LOK |
|
|
|0 852
|a DE-21-108
|
| LOK |
|
|
|0 852 1
|m p
|9 00
|
| LOK |
|
|
|0 938
|k p
|
| LOK |
|
|
|0 939
|a 02-09-98
|b l01
|
| LOK |
|
|
|0 000 xxxxxcx a22 zn 4500
|
| LOK |
|
|
|0 001 246695981X
|
| LOK |
|
|
|0 003 DE-627
|
| LOK |
|
|
|0 004 130113956
|
| LOK |
|
|
|0 005 20050302000000
|
| LOK |
|
|
|0 008 030227||||||||||||||||ger|||||||
|
| LOK |
|
|
|0 040
|a DE-21-51
|c DE-627
|d DE-21-51
|
| LOK |
|
|
|0 852
|a DE-21-51
|
| LOK |
|
|
|0 852 1
|m p
|9 00
|
| LOK |
|
|
|0 935
|a gesa
|a k051
|
| LOK |
|
|
|0 938
|k p
|
| LOK |
|
|
|0 939
|a 27-02-03
|b l01
|
| LOK |
|
|
|0 000 xxxxxcx a22 zn 4500
|
| LOK |
|
|
|0 001 2522246615
|
| LOK |
|
|
|0 003 DE-627
|
| LOK |
|
|
|0 004 130113956
|
| LOK |
|
|
|0 005 20061205151636
|
| LOK |
|
|
|0 008 061205||||||||||||||||ger|||||||
|
| LOK |
|
|
|0 040
|a DE-21-93
|c DE-627
|d DE-21-93
|
| LOK |
|
|
|0 852
|a DE-21-93
|
| LOK |
|
|
|0 852 1
|m p
|9 00
|
| LOK |
|
|
|0 935
|a k093
|a kneu
|
| LOK |
|
|
|0 938
|k p
|
| LOK |
|
|
|0 939
|a 05-12-06
|b l01
|
| LOK |
|
|
|0 000 xxxxxcx a22 zn 4500
|
| LOK |
|
|
|0 001 2595809644
|
| LOK |
|
|
|0 003 DE-627
|
| LOK |
|
|
|0 004 130113956
|
| LOK |
|
|
|0 005 20090319081511
|
| LOK |
|
|
|0 008 090319||||||||||||||||ger|||||||
|
| LOK |
|
|
|0 040
|a DE-21-1
|c DE-627
|d DE-21-1
|
| LOK |
|
|
|0 852
|a DE-21-1
|
| LOK |
|
|
|0 852 1
|m p
|9 00
|
| LOK |
|
|
|0 935
|a k001
|a i001
|
| LOK |
|
|
|0 938
|k p
|
| LOK |
|
|
|0 939
|a 19-03-09
|b l01
|
| LOK |
|
|
|0 000 xxxxxcx a22 zn 4500
|
| LOK |
|
|
|0 001 246696029X
|
| LOK |
|
|
|0 003 DE-627
|
| LOK |
|
|
|0 004 130113956
|
| LOK |
|
|
|0 005 20050824000000
|
| LOK |
|
|
|0 008 050824||||||||||||||||ger|||||||
|
| LOK |
|
|
|0 040
|a DE-Frei85
|c DE-627
|d DE-Frei85
|
| LOK |
|
|
|0 852
|a DE-Frei85
|
| LOK |
|
|
|0 852 1
|m p
|9 00
|
| LOK |
|
|
|0 938
|k p
|
| LOK |
|
|
|0 939
|a 24-08-05
|b l01
|
| ORI |
|
|
|a SA-MARC-krimdokb001.raw
|
| SPR |
|
|
|a 1
|t KRI
|